| 000 | 00514nam a2200157Ia 4500 | ||
|---|---|---|---|
| 008 | 230907s9999||||xx |||||||||||||| ||und|| | ||
| 082 |
_a621.3 _bHAS |
||
| 100 |
_aHassan Pervaiz (00000170392) _9116448 |
||
| 245 | 0 | _aMethod for Contactless Power Harvesting from Medium and High Voltage Power lines (11kV and above) / | |
| 260 |
_aUSPCAS-E, NUST, _bIslamabad : _c2019 |
||
| 300 | _a76 p. | ||
| 520 | _aTH-150 | ||
| 650 | _aMS-ESE Thesis MS Thesis | ||
| 700 |
_aDr. Arsalan H. Khawaja _9117183 |
||
| 942 |
_cTHE _2ddc |
||
| 999 |
_c601829 _d601829 |
||